000 00780nam a2200265 a 4500
008
020 _a0716709279 (pbk.)
049 _aMAIN
090 _aBF199
_bRAC
100 1 _aRachlin, Howard.
245 1 0 _aIntroduction to modern behaviorism /
_cHoward Rachlin.
260 _aSan Francisco :
_bW.H. Freeman,
_cc1970.
300 _aix, 208 p. :
_bill. ;
_c24 cm.
504 _aIncludes bibliographical references.
650 0 _aConditioned response.
650 0 _aBehaviorism (Psychology)
650 2 _aBehavior.
650 2 _aConditioning (Psychology).
740 _aModern behaviorism.
907 _a.b10076451
_b07-05-12
_c11-06-03
003
005 20230123133303.0
040 _cNUST
942 _cBOOKS
_kBF199
_mRAC
999 _c145993
_d145993